Loading...

KANNAS'S'A RAAMAAYANAM

Bibliographic Details
Main Author: RAGHAVAN,PILLAI.K
Format: Printed Book
Published: TRIVANDRUM ORIENTAL RESEARCH INSTITUTE AND MANUSCRIPTS LIBRARY 1980/1155
Subjects:
LEADER 00524nam a2200169 4500
020
082 |a 294.592 2K RAG 
100 |a RAGHAVAN,PILLAI.K. 
245 |a KANNAS'S'A RAAMAAYANAM  |h Malayalam 
250
260 |a TRIVANDRUM  |b ORIENTAL RESEARCH INSTITUTE AND MANUSCRIPTS LIBRARY  |c 1980/1155 
300 |a 153 p  |f PB 
650 |a KANNAS'S'A RAAMAAYANAM 
700
942 |c TB 
999 |c 154951  |d 154951 
952 |0 0  |1 0  |4 0  |6 294_592000000000000_2K_RAG  |7 0  |9 168408  |a ORI  |b ORI  |l 0  |o 294.592 2K RAG  |p ORI3391  |r 2019-10-25  |w 2019-10-25  |y TB